Rings : Jewelry of Power, Love and Loyalty /

Gespeichert in:
Bibliographische Detailangaben
1. Verfasser: Scarisbrick, Diana (autor)
Weitere Verfasser: Fenton, James (prólogo) (prólogo)
Format: Buch
Sprache:Englisch
Veröffentlicht: Londres, Inglaterra : Thames and Hudson, 2007, c2007
Schlagworte:
Tags: Tag hinzufügen
Keine Tags, Fügen Sie das erste Tag hinzu!

MARC

LEADER 00000nam^a2200000^a^4500
001 000341058
005 20250521000000.0
009 20260310114513.304
020 |a 978-0-500-29112-2 
037 |a Acervo ITESO - Biblioteca 
041 |a ING 
082 |a 739. 278  |b SCA 
100 |a Scarisbrick, Diana  |e (autor) 
245 1 0 |a Rings :  |b Jewelry of Power, Love and Loyalty /  |c D. Scarisbrick ; pról. de J. Fenton. 
264 4 |a Londres, Inglaterra :  |b Thames and Hudson,  |c 2007, c2007 
300 |a 384 p. 
336 |a texto  |b txt  |2 rdacontenido 
337 |a sin mediación  |b n  |2 rdamedio 
338 |a volumen  |b nc  |2 rdasoporte 
649 |a XX 
650 |a Argollas Matrimoniales 
650 |a Anillos (Joyería) -  |x Tema Principal 
650 |a Orfebrería 
650 |a Joyería 
650 |a Accesorios Personales 
650 |a Arreglo y Cuidado Personal 
650 |a Historia Social 
700 |a Fenton, James  |e (prólogo) 
910 |a Fondo General 
920 |a Impresos - Libros 
930 |a Colección General 
905 |a 101 
901 |a 0500230849  |b IT1  |c ACC  |i C140280  |u 20250521 
902 |a https://opac.biblio.iteso.mx/vufind/Record/000341058